[Event "FIDE Chess.com Grand Swiss"]
[Site "Douglas"]
[Date "2019.10.12"]
[Round "3"]
[White "Esipenko, Andrey"]
[Black "Aronian, Levon"]
[Result "0-1"]
[WhiteElo "2624"]
[BlackElo "2758"]
[Annotator "Seyb,A"]
[PlyCount "78"]
[EventDate "2019.10.10"]
[EventType "swiss"]
[EventRounds "11"]
[EventCountry "IOM"]
[SourceTitle "CBM 193"]
[Source "ChessBase"]
[SourceDate "2019.12.31"]
[SourceVersion "1"]
[SourceVersionDate "2019.12.31"]
[SourceQuality "1"]

1. d4 Nf6 2. c4 e6 3. Nf3 d5 4. Nc3 Be7 5. Bf4 O-O 6. e3 Nbd7 7. c5 Nh5 8. Bd3
Nxf4 9. exf4 b6 {So far, both sides played an opening known to be really solid.
Now comes the move you should pay attention to:} 10. c6 $5 {Technically
speaking not a new move, but connected with a new concept. White spent about
two minutes for that, so it was clearly no over-the-board improvement.} (10. b4
a5 11. a3 c6 {is the "normal way of life". Both sides continue to play solidly.
You may say it is curious that the young Russian didn't choose this line as he
shouldn't lose with normal play out of this position. But he clearly saw the
chance to surprise his top-class opponent and smelled blood.} 12. O-O Qc7 13.
g3 Ba6 14. Kg2 Bxd3 15. Qxd3 Ra7 16. Rfc1 Rfa8 17. Qd1 b5 18. Rab1 axb4 19.
axb4 $11 {has been a recent draw from two of the world's most solid players.}
Ra3 20. Rb3 R3a7 21. Qe2 Bf6 22. h4 h5 23. Rc2 g6 24. Ra2 Rxa2 25. Nxa2 Qa7 26.
Rb2 Qa3 27. Qd2 Qa6 28. Nc1 Qb7 29. Nd3 Ra7 30. Nde5 Qa8 31. Qe3 Kg7 32. Rb3
Kg8 33. Ng5 Nxe5 34. fxe5 Bxg5 35. Qxg5 Ra3 36. Rxa3 Qxa3 37. Qd8+ Kg7 38. Qf6+
Kg8 39. Qd8+ Kg7 40. Qf6+ Kg8 {1/2-1/2 Giri,A (2797)-Radjabov,T (2756)/Shamkir
2019/CBM 190}) 10... Nb8 11. Ne5 (11. Qa4 $6 Qe8 (11... Qd6 $1 12. Ne5 f6 $17)
12. Rc1 Qxc6 13. Qc2 h6 14. Ne5 Qb7 (14... Qe8 $142) 15. Bh7+ Kh8 16. Bg6 Kg8
17. Bh7+ Kh8 18. Bg6 Kg8 {1/2-1/2 Delithanasis,D (2211)-Tassopoulos,M (2238)/
Heraklio 2007/EXT 2008}) (11. Qc2 {was seen in a game from another creative
player. But the result was bad and no one has been following his footsteps so
far.} g6 (11... Nxc6 {looks easier and more promising for Black} 12. Bxh7+ Kh8
{Now White has to justify his attack.} 13. h4 $1 {connected with some nasty
mating threats, Ng5, Qe2-h5} (13. Ne5 Nxe5 14. dxe5 (14. fxe5 c5 $17) 14... g6
15. Bxg6 fxg6 16. Qxg6 Qe8 $19 {and Black's defense is in time.} 17. Qh6+ Kg8
18. h4 Qf7 19. Rh3 Qh7) (13. a3 g6 14. Bxg6 fxg6 15. Qxg6 Rf6 $19) (13. Bd3 {
This is computer's first choice, but no human would play this way.} Nb4 14. Qe2
c5 $15 (14... Nxd3+ $15)) 13... Bd6 {Eyeing e5 and preparing f5.} (13... Nb4
14. Qb1 c5 (14... f5 15. Bg6) 15. a3 cxd4 16. Ne2 Nc6 17. Ng5 $40) (13... f5
14. Bg6) 14. a3 (14. Ne2 Nb4 15. Qb1 c5) (14. O-O-O $4 Nb4) 14... f5 $1 (14...
Bxf4 $4 15. Ne2 $16) 15. Ne2 (15. Bg6 Qf6 16. h5 Nxd4 $19) 15... Nxd4 16. Nexd4
Kxh7 $17) 12. Ne2 a5 13. Rc1 $6 {Not going for it!} (13. h4 $1 {and White
should have good attacking perspectives.}) 13... Ba6 14. Bxa6 Rxa6 15. a4 Qd6
16. O-O Ra8 17. Ne5 Bf6 18. Qd1 Qb4 19. Rc3 Bg7 20. Qc2 Qd6 21. Rc1 Na6 22. Qb1
Nb4 23. h4 f6 24. Nd7 Rf7 25. g3 e5 26. f5 gxf5 27. Qxf5 Na2 28. f4 Nxc3 29.
Rxc3 Re8 30. Qh5 Qb4 31. Re3 Qxa4 32. dxe5 Qxc6 33. Nd4 Qc1+ 34. Kf2 Qxb2+ 35.
Ne2 fxe5 36. Nxe5 Rxe5 37. Rxe5 Bxe5 38. Qg5+ Bg7 {0-1 Adhiban,B (2627)
-Fridman,D (2639)/Biel 2015/CBM 167 Extra}) 11... Bd6 (11... f6 12. Qh5 g6 $2 (
12... f5 $16) 13. Bxg6 $1 hxg6 14. Qxg6+ Kh8 15. O-O-O Ba6 16. Rhe1 $18 {
and the deadly rook shift is about to come.}) (11... Qe8 $2 12. Nb5 Bd8 13. Qc2
a6 14. Bxh7+ Kh8 15. Na3 Bf6 16. Bd3 Bxe5 17. fxe5 Nxc6 18. Rc1 Bb7 (18... Nxd4
19. Qxc7 $16) 19. Qe2 $16 {and White is clearly better. He will protect his
d4-pawn with Na3-c2. Black will suffer from his "French" bishop.}) 12. a3 $1 {
The really mysterious move, blitzed out by Esipenko! After examining it with
the help of the computer for some time, I will try a first explanation: White
will loose his c6-pawn, so it is obvious that he has to prove his compensation.
But all of the "normal" attacking moves seem to backfire. White needs Black's
exchange on e5 for setting out his attack in the perfect way. On the other
hand he has to make sure that Black has no waiting move on his own.} (12. Qc2
Bxe5 13. dxe5 Nxc6 14. Bxh7+ (14. a3 $2 {Now the queen is on the wrong square.}
) 14... Kh8 $15 {White won back his sacrificed pawn, but has to allow the
exchange of his proud bishop.}) (12. Qh5 $5 {would have been the "human"
attacking move} g6 $1 (12... h6 $6 13. O-O-O Bxe5 14. dxe5 Nxc6 (14... Qe7 15.
g4) 15. g4 $40 {is exactly the kind of compensation White is aiming for.}) 13.
Qh6 f6 {and it becomes clear that White would have done much better if Black
had exchanged on e5 already.} 14. Nxg6 (14. Bxg6 Qe7 $19) (14. h4 fxe5 15. fxe5
Bxe5 16. dxe5 Nxc6 17. f4 (17. h5 Nxe5 18. hxg6 (18. Bc2 Ng4 $19) 18... Nxd3+
19. Kd2 Qe7 $19) 17... Qe7 18. h5 g5 19. O-O-O (19. fxg5 Nxe5 $19) 19... Qg7
$17) 14... Rf7) (12. Rc1 {At first sight seems to be a better "waiting" move.}
Bxe5 13. dxe5 Nxc6 14. Qh5 h6 15. g4 Nb4 $1 {But now it becomes clear that
Black gets counterplay very soon, connected with d5-d4-d3. Also White lost the
possibility of castling to the queenside.} 16. Bb1 d4) (12. h4 Bxe5 13. dxe5
Nxc6 14. Qh5 h6 15. g4 Nb4 16. Bb1 d4 17. Ne4 d3 18. Nf6+ Kh8 $19) 12... Bxe5 {
Picking up the gauntlet.} (12... Ba6 13. Bxa6 Nxa6 14. b4 $1 {The point of
a2-a3 comes clear: White will establish b4-b5 and technically be a piece up} (
14. Rc1) 14... Nb8 15. b5 a6 16. a4 Bxe5 17. fxe5 f6 {is rated as equal by the
computer. Ridiculous...}) (12... Qe8 $5 {is maybe an easier way to solve the
problems:} 13. Rc1 Nxc6 14. Nb5 Bd7 15. Nxd6 cxd6 16. Nxd7 Qxd7 17. Qa4 Rfc8
18. Bb5 (18. O-O a6 19. Bxa6 Qe8 $1 20. Rfd1 Nxd4 $11) 18... Ne7 $1 {and due
to this nice litte trick Black is absolutely fine.}) 13. dxe5 Nxc6 (13... Ba6
$2 14. Bxa6 Nxa6 15. Nb5 Nc5 16. b4 Ne4 17. O-O $16) 14. Qh5 g6 (14... h6 15.
g4 {looks way to dangerous.}) 15. Qh6 {This is the point where Black has to
show the best way of defence. Not an easy task if you don't know what the
computer knows.} f5 $5 (15... Ne7 {seems also a reasonable defence:} 16. h4 (
16. g4 f5) 16... Kh8 {threatening Ng8, after which White would be forced to
exchange queens.} (16... Nf5 17. Bxf5 gxf5 (17... exf5 $4 18. h5 $18) 18. O-O-O
Kh8 19. g4 $40) 17. h5 Nf5 (17... Ng8 $4 18. Qxh7+ Kxh7 19. hxg6+ Kg7 20. Rh7#)
18. Bxf5 gxf5 19. Nb5 (19. O-O-O f6) 19... Bd7 (19... Rg8 20. Nxc7 $1) (19...
c5 {is the favourite move of the computer, but I believe White has always
enough compensation establishing his knight on d6.}) 20. Nd4 (20. Nxc7 $2 Rc8
$1 (20... Qxc7 $4 21. Qf6+ Kg8 22. h6 $18)) 20... Rg8 (20... c5 21. Nf3) 21.
Nf3 Qf8 22. Qf6+ Qg7 23. Qe7 f6 (23... Bb5 24. h6 Qg6 25. Ng5 $16) 24. Qxf6 $11
) (15... Kh8 16. h4 Ne7 {is of course the same story.}) 16. h4 $1 Rf7 {The
move that made Esipenko to start thinking on his own.} (16... Bd7 {is the
first choice of my computer.}) (16... Qd7 {the idea of a queen shift looks
normal.} 17. h5 (17. Bb5 $5 Bb7 18. Ne2 Rf7 $13 (18... Qg7 $2 19. Qxg7+ Kxg7
20. Rc1 $16)) 17... Qg7 18. hxg6 hxg6 19. O-O-O $44 {and White seems to have
long-term compensation.}) 17. h5 (17. Ne2 Qf8 18. Qxf8+ Kxf8 19. Rc1 Nd8 20. h5
c5 $15) (17. O-O-O Qf8) 17... g5 $1 {This has been Aronian's idea.} 18. g4 $5 (
18. fxg5 Nxe5 19. Be2 Qf8) (18. O-O-O gxf4 19. Qxf4 Qf8 $15 {and the attack
also seems to be over.}) 18... Qf8 $6 (18... fxg4 19. O-O-O Qe7 {, and now
there is an incredible strong move:} (19... gxf4 20. Bg6 Rg7 21. Ne4 $44) 20.
Bg6 $3 {Pushing away the rook from the 7th rank.} (20. Rdg1 gxf4 21. Rxg4+ Kh8
22. Nxd5 (22. Rhg1 Bd7) 22... exd5 23. Qxc6 Qc5+ 24. Qxc5 bxc5 25. Rg5 $15)
20... Rf8 (20... Rg7 {to be fair I have to confess that Black also seems to
hold after this. But he has to find some only-moves.} 21. f5 $1 (21. Rdg1 gxf4
22. Rxg4 Kh8 23. Rxf4 Bd7) 21... Nxe5 $8 22. Rhe1 d4 $8 (22... Nf3 23. f6 Qxf6
24. Nxd5) (22... hxg6 23. Rxe5 c6 24. hxg6 Qf6 25. Rh1 $40) 23. Rxd4 Nf3 $8 24.
Nd5 Qc5+ 25. Kb1 hxg6 $8 26. f6 Qf8 27. Ne7+ (27. fxg7 Qxg7 28. Ne7+ Qxe7 29.
Rd8+ Qxd8 30. Qxg6+ $11) 27... Rxe7 28. fxe7 Qxh6 (28... Qxe7 29. Rd8+ Qxd8 30.
Qxg6+ Kh8 31. Qh6+ Kg8 $11)) 21. Rdg1 Qg7 (21... hxg6 22. hxg6 Qg7 23. Qxg5 $18
) 22. Qxg5 $13) ({After} 18... gxf4 $1 {I wasn't able to make the story go on.
Black's defence seems to hold:} 19. gxf5 (19. Qxf4 fxg4 20. Qxg4+ Rg7 $17)
19... Nxe5 20. fxe6 (20. O-O-O Nxd3+ 21. Rxd3 Qf6) 20... Qe7 $1 (20... Nxd3+
21. Kd2 Rg7 22. Rag1 Qf8 23. Nxd5 $18) (20... Nf3+ 21. Kf1 Rg7 22. Qxf4 Qf8 23.
Nxd5 Qxf4 24. Nxf4 Bb7 $15) 21. O-O-O Bxe6 22. Rhe1 Bd7 $17) 19. Qxg5+ Rg7 20.
Qh4 $2 {After this, the game has gone. White will find himself in a passive
position.} (20. Qf6 Qxf6 (20... Rf7 21. Qg5+ Rg7 22. Qf6 $11) 21. exf6 Rxg4 22.
Ne2 {would have been far from clear as White manages to penetrate via the
c-file.} Kf7 (22... Nd8 23. f3 Rg2 24. Kf1 {and suddenly Blacks rook is
trapped on an open file!} Rxe2 25. Kxe2 $14) 23. Rc1 Bb7 24. Bb5 Nd8 25. Rxc7+
Kxf6 26. Kd2 $13) 20... Rxg4 21. Qh2 Qh6 22. Ne2 Bb7 $17 {The rest is a matter
of technique. So you can trust Aronian} 23. Rc1 Rc8 24. b4 Kh8 25. f3 Rgg8 26.
Kf2 Qf8 27. Bb5 Nb8 28. Nd4 c5 29. Nxe6 Qe7 30. Ng5 h6 31. e6 hxg5 32. fxg5
Qxg5 33. Qe5+ Qg7 34. Rhe1 Nc6 35. Bxc6 Rxc6 36. Qxg7+ Kxg7 37. Rg1+ Kh7 38.
Rxg8 Kxg8 39. Rg1+ Kh7 {In summary, it can be said that the idea Esipenko
showed on the tenth move will certainly not lead to a reassessment of the
variation. Objectively, Black should even be better. White must be prepared to
prove a somewhat dubious compensation. However, the variation is a
comprehensible choice if you want to surprise your opponent and are willing to
take risks. If you want to play with Black like this, you have to be prepared
for 10.c6 in any case.} 0-1

[Event "FIDE-Wch k.o."]
[Site "Moscow"]
[Date "2001.11.30"]
[Round "2.2"]
[White "Shabalov, Alexander"]
[Black "Khalifman, Alexander"]
[Result "1/2-1/2"]
[WhiteElo "2585"]
[BlackElo "2702"]
[Annotator "Shabalov,A"]
[PlyCount "55"]
[EventDate "2001.11.27"]
[EventType "k.o."]
[EventRounds "7"]
[EventCountry "RUS"]
[SourceTitle "EXT 2003"]
[Source "ChessBase"]
[SourceDate "2002.11.25"]
[SourceVersion "1"]
[SourceVersionDate "2002.11.25"]
[SourceQuality "1"]

1. d4 Nf6 2. Nf3 e6 3. c4 d5 4. Nc3 Be7 5. Qc2 O-O {Serious attention deserves
an immediate break} (5... c5 6. dxc5 ({Much safer is} 6. cxd5 exd5 7. Bg5 Nc6
8. Rd1 Bg4 9. dxc5 Qa5 10. e3 Bxf3 11. gxf3 Qxc5 12. Qa4 $11 {0-1 Dreev,
A-Onischuk,A/Moscow RUS 2002/(62)}) 6... d4 7. Nb5 e5 8. Nxe5 a6 9. Na3 O-O 10.
g3 $6 {This is too careless.Black gets strong attack now.} Qa5+ 11. Bd2 Qxc5
12. Nd3 Qc6 13. Rg1 Bf5 $40 {0-1 Khalifman,A-Topalov,V/Dubai UAE 2002/(32)}) 6.
cxd5 Nxd5 (6... exd5 7. Bg5) 7. a3 {White has plenty of other choices in this
position.} (7. Bd2 Nd7 (7... Nb4 8. Qb1 c5 9. dxc5 Bxc5 10. g3 Nd7 11. Bg2 Nf6
12. O-O Bd7 13. Ne5 Bc6 14. Nxc6 Qxd2 15. Nxb4 Bxb4 16. Rd1 Qg5 17. Qd3 Rab8
18. Rac1 Rfc8 19. a3 Be7 20. e3 g6 {1/2-1/2 Dreev,A-Georgiev,K/Sarajevo BIH
2002/(20).}) (7... c5 8. Nxd5 exd5 9. dxc5 Na6 10. e3 Nxc5 11. Bd3 Nxd3+ 12.
Qxd3 Bg4 13. Nd4 Qc7 14. Rc1 Qe5 15. f3 Bd7 16. f4 Qd6 17. O-O Qb6 18. Bc3 Rfe8
19. Rf3 Bf8 {1/2-1/2 Eljanov,P-Onischuk,A/Moscow RUS 2002/(19).}) 8. g3 Nxc3 9.
Bxc3 b6 10. Bg2 Rb8 11. h4 Bb7 12. Ng5 Nf6 13. d5 g6 14. O-O-O Nxd5 15. e4
Bxg5+ 16. hxg5 Qxg5+ 17. Bd2 Qf6 18. exd5 Qxf2 19. Rxh7 Kxh7 20. Rh1+ Kg8 21.
Rh8+ Kxh8 22. Bc3+ e5 23. Qxf2 f6 24. g4 g5 25. Qf5 {1-0 Dreev,A-Georgiev,K/
Moscow RUS 2002/(25).}) (7. g3 Nc6 8. Bg2 Ndb4 9. Qb3 Nxd4 10. Nxd4 Qxd4 11.
Be3 Qe5 12. Rd1 c6 13. Bf4 Qa5 14. Bd2 Qa6 15. O-O e5 16. a3 Be6 17. Qa4 Qxa4
18. Nxa4 Nd5 19. Rc1 Rad8 20. Nc5 Bc8 21. b4 f5 22. e4 Nf6 23. Bg5 fxe4 24.
Bxf6 gxf6 25. Bxe4 Rd4 26. Rfe1 Bxc5 27. Rxc5 Rfd8 28. Kg2 Be6 29. Bf3 Bd5 30.
Re3 Kf7 31. Rcc3 Ke6 32. Kh3 f5 33. Be2 f4 34. Bg4+ Kd6 35. Re1 Rf8 36. f3 Rf6
37. gxf4 Rdxf4 38. Kh4 Rh6+ 39. Kg5 Rg6+ 40. Kh5 e4 41. Rd1 Ke5 42. fxe4 Rgxg4
43. Rh1 {0-1 Kortschnoj,V-Beliavsky,A/Frankfurt 1998/CBM 65 ext (43).}) (7. e4
Nb4 8. Qb3 c5 9. a3 N4c6 10. dxc5 Nd7 11. Be2 Nxc5 12. Qc2 e5 13. Nd5 Bg4 14.
Be3 Ne6 15. O-O Bxf3 16. Bxf3 Ned4 17. Qd1 Bg5 18. Bg4 g6 19. f4 Bh6 20. Bxd4
exd4 21. Qf3 Bg7 22. e5 Ne7 23. Nb4 Qb6 24. Kh1 Rad8 25. Qe4 a5 26. Nd3 Rfe8
27. f5 Qc6 28. Qxc6 Nxc6 29. f6 Bh6 30. e6 Rxe6 31. Bxe6 fxe6 32. f7+ Kf8 33.
Rae1 Be3 34. Nc5 Rd6 35. h4 Nd8 36. Ne4 Rd5 37. Nf6 Rf5 38. Nxh7+ Kxf7 39. g4
Rxf1+ 40. Rxf1+ Kg7 41. Nf6 d3 42. Ne4 Nf7 43. Re1 d2 44. Rd1 Ne5 45. Kg2 Nxg4
46. Kf3 {1-0 Kortschnoj,V-Portisch,L/Frankfurt 1998/(46).}) 7... Nxc3 8. bxc3 {
Now the game transposes to Petrosian system of Queen's Indian.Queen capture
doesn't promise anything to white.} (8. Qxc3 Nd7 9. e4 c5 10. Be3 b6 11. Rd1
Qc7 12. dxc5 {1/2-1/2 Khenkin,I-Georgiev,K/Stuttgart GER 2002/(12).}) 8... c5
9. e3 Nd7 10. Bd3 h6 11. O-O b6 12. e4 Qc7 13. Qe2 Bb7 14. a4 $146 {A
beginning of a new plan.White is trying to defend it's center Be3 and Nd2,then
choose if to play Qside with Nc4 and a5 or try to attack with Qg4.} (14. Bb2) (
14. Re1 {were tested before.}) 14... a6 15. Be3 b5 $1 {Very energetic reaction.
} 16. Rfb1 (16. Nd2 $5) 16... Bc6 17. Nd2 bxa4 {Excellent practical decision.
The threat now is 18...cd4 19.cd4 Bb5 20.Bb5 ab5 and a pawn becomes a passer.}
18. e5 (18. Rc1 $5 {with similar ideas.}) 18... cxd4 19. cxd4 Bb5 20. Nc4 {
White did count on this move very much.He only needs a one tempo break to
launch a very strong assault starting with Qg4.} Rfc8 $1 {But he doesn't get
one! Black sac his queen for an excellent positional compensation and position
is totally equalizes.} 21. Rc1 Nb6 22. Nd6 Bxd6 23. Rxc7 Bxc7 24. Bxb5 axb5 25.
Qxb5 Rcb8 26. Qc6 Nd5 27. Bc1 Rc8 28. Qd7 $11 1/2-1/2

[Event "Syre Memorial op 36th"]
[Site "Issy les Moulineaux"]
[Date "2013.05.12"]
[Round "7"]
[White "Nguyen, Chi Minh"]
[Black "Shirazi, Kamran"]
[Result "1-0"]
[WhiteElo "2365"]
[BlackElo "2411"]
[Annotator "Shirazi,K/Primel,D"]
[PlyCount "71"]
[EventDate "2013.05.08"]
[EventType "swiss"]
[EventRounds "7"]
[EventCountry "FRA"]
[SourceTitle "EXT 2015"]
[Source "ChessBase"]
[SourceDate "2014.11.20"]
[SourceVersion "1"]
[SourceVersionDate "2014.11.20"]
[SourceQuality "1"]
[TimeControl "40/5400+30:1200+30"]

1. d4 d5 2. c4 e6 3. Nf3 Nf6 4. Nc3 h6 {Une ligne secondaire} 5. a3 (5. Bf4
dxc4 (5... c6) (5... Be7 6. e3 c6 7. h3 Nbd7) 6. e3 Bd6 7. Bxc4 Bxf4 8. exf4
O-O 9. Ne5 Nc6 10. Nxc6 bxc6 11. O-O Qd6 12. Qd2 c5 13. Rfd1 Rd8 14. Nb5 Qc6
15. Qa5 Bb7 16. Bf1 Nd5 17. Qd2 a6 18. Nc3 Ne7 19. Ne2 cxd4 20. Nxd4 Qb6 21.
Qc3 Nd5 22. Qc1 c5 23. Nf3 Qb4 24. a3 Qxf4 25. Rxd5 {1-0 (25) Van Wely,L (2650)
-Epishin,V (2590) Ourense 2009}) (5. e3 c6 6. Bd3) 5... c5 (5... c6 6. cxd5
exd5 7. Qc2 Bd6 8. e3 O-O 9. Bd3 Re8 10. h3 Nbd7 11. O-O Qe7 12. Nd2 Nf8 13. e4
Ne6 14. e5 Nxd4 15. exd6 Nxc2 16. dxe7 Nxa1 17. b4 Ne4 18. Ndxe4 dxe4 19. Bxe4
Be6 20. Be3 {Alanic,X (2284)-Legky,N (2473) France 2008 1/2-1/2 (82)}) 6. dxc5
{[%cal Gb2b4,Gc1b2]} Bxc5 7. b4 $146 (7. e3 O-O 8. cxd5 exd5 9. Be2 Nc6 10. O-O
a6 11. b4 Ba7 12. b5 d4 13. bxc6 dxc3 14. Qb3 Qc7 15. Qxc3 Qxc6 16. Qxc6 bxc6
17. Bb2 Ne4 18. Rac1 c5 19. Rfd1 Bb6 20. Ne5 Re8 21. Bf3 Bf5 22. g4 Bh7 23. Rd7
Ra7 24. Rcd1 Rxd7 25. Rxd7 f6 26. Nc4 Re6 27. Rb7 Bd8 28. Rb8 Re8 29. Bxe4 {
1/2-1/2 (29) Magnier,H (2195)-Yacob,F (2270) France 1998}) 7... Bd6 8. Bb2 O-O
9. c5 Bc7 10. Nb5 Nbd7 11. e3 Bb8 {[%csl Ra8] Le manque de coordination entre
les R Noires va jouer ensuite un rôle dans la partie} 12. Nc3 Qe7 13. Be2 Rd8
14. O-O Nf8 15. Qc2 {44} e5 {54} 16. e4 dxe4 17. Nxe4 Bf5 18. Nxf6+ Qxf6 $11
19. Qc3 Ne6 (19... Bc7) 20. Bc4 Nf4 21. Rfd1 $32 (21. Qe3 {[%cal Ge3f4,Gb2f6]}
Bg4 {Shirazi}) 21... Bd3 22. Kh1 Qg6 $6 (22... Bxc4 {Plus simple}) 23. Nh4 Qh7
{[%csl Rh7]} 24. g3 Bc7 $13 {[%cal Ga8d8]} 25. gxf4 (25. Bxf7+ $5 {Aurait
évité la perte d'un P 2 coups plus tard}) 25... Qe4+ 26. f3 Qxc4 27. Qxc4
Bxc4 28. Bxe5 Rxd1+ (28... Bxe5 29. fxe5 Rxd1+ 30. Rxd1) 29. Rxd1 Rd8 30. Rxd8+
Bxd8 31. Nf5 f6 32. Bd6 a6 33. Kg2 Bd3 34. Nd4 {[%csl Rd8][%cal Gd4e6,Ge6d8]}
g5 $4 $138 (34... f5 $8 35. Ne6 Bf6) 35. Ne6 Bc4 36. Nxd8 1-0